Quizzes
Events
Quiz Creation
Community
Videos
Private Events
Remove Ads
Sign In
Join for FREE
Feedback
Dark Mode
Quiz Categories
Sports
Geography
Music
Movies
Television
Just For Fun
Miscellaneous
History
Literature
Language
Science
Gaming
Entertainment
Religion
Holiday
For Kids
Quiz Lab
Recent
Popular Today
Quiz Kudos Today
Editor Picks
Curator Picks
Quizzes by...
Day
Popularity
Type
Ratings
Length
Year
Community
Subscriptions
Recent Discussions
Orange Saloon
Badges
Playlists
Quests
Create
Leaderboards
Showdown
Live 5
Trivia Bingo
Activity
Puzzle Library
Sporcle Events
Private Events
Virtual Trivia
Globe League
Become a Host
Pub Owners
SporcleCon
Opinionation
Our Games
Videos
Blog
Mobile Apps
Partnerships
Remove Ads and Go Orange
Feedback
Music
Pop Music
The Beatles
Song
Album
Lyrics
Bands
Singers
Artist
Clip
Rock
Rap
Classical
Billboard
Country Music
Kpop
Taylor Swift
Music
Pop Music
The Beatles
Song
Album
Lyrics
Bands
Singers
Artist
Clip
Rock
Rap
Classical
Billboard
Country Music
Kpop
Taylor Swift
Random Quiz
Search Sporcle
×
Quiz Lab
Quiz Lab
Music
100 Greatest
Type in answers that appear in a list
Type in answers that appear in a list
Classic
Best Score? Go Orange.
100 Greatest Artists according to digitaldreamdoor.com Stats
Can you name the 100 Greatest Artists according to digitaldreamdoor.com?
By
J_Brownies
15m
100 Questions
861 Plays
861 Plays
861 Plays
Comments
Comments
Give Quiz Kudos
Give Quiz Kudos
-
- Ratings
hide this ad
Replay
Link that replays current quiz
Next Quiz
Link to next quiz in quiz playlist
You Got
0%
They Got
Avg Score
70%
Avg Friend Score
Upgrade to see
Score Distribution
Jump to the score distribution portion of the page
Score
0/100
Timer
15:00
0
Plays Today
Rank
Artist
% Correct
#1
The Beatles
99.4%
#39
Michael Jackson
97.7%
#35
Prince
96.4%
#42
Madonna
96.4%
#17
Bruce Springsteen
95.6%
#25
Elton John
95.6%
#7
The Who
95.5%
#4
The Rolling Stones
95.3%
#13
Pink Floyd
95.2%
#27
U2
94.2%
#63
Eagles
94.2%
#5
Bob Dylan
93.6%
#38
Nirvana
93.5%
#16
Marvin Gaye
92.2%
#34
The Clash
92.2%
#73
Metallica
92.2%
#8
Led Zeppelin
92.1%
#2
Elvis Presley
91.7%
#60
AC/DC
91.2%
#10
Jimi Hendrix
91%
#12
The Beach Boys
90.9%
#49
Simon and Garfunkel
90.9%
#20
Black Sabbath
90.5%
#14
Aretha Franklin
90.3%
#21
Queen
90.1%
#18
David Bowie
90%
#67
Johnny Cash
89.7%
#95
Guns N' Roses
89.2%
#85
Sex Pistols
88.4%
#59
Fleetwood Mac
87.8%
#93
Radiohead
87.7%
#90
The Bee Gees
87.3%
#74
Pearl Jam
84.5%
#69
Aerosmith
83.8%
Rank
Artist
% Correct
#32
B.B. King
83.6%
#9
Stevie Wonder
83%
#26
Neil Young
82.6%
#72
The Police
82.3%
#53
Eric Clapton
80.9%
#86
N.W.A
79.5%
#50
Cream
79.3%
#3
James Brown
77.8%
#65
R.E.M.
77.6%
#28
The Doors
77%
#43
Public Enemy
76.2%
#23
Bob Marley
74.7%
#94
Patti Smith
74.4%
#40
Diana Ross and the Supremes
73.8%
#89
Billy Joel
73.6%
#57
Ramones
72.6%
#81
King Crimson
71.4%
#6
Chuck Berry
70.3%
#66
Creedence Clearwater Revival
69.9%
#56
Janis Joplin
69.8%
#68
Van Morrison
69.7%
#62
Joni Mitchell
69.1%
#97
Rush
67.7%
#11
Ray Charles
66.6%
#87
Talking Heads
66.3%
#77
The Band
66%
#75
Deep Purple
64.8%
#48
Elvis Costello
64.7%
#44
The Kinks
64.1%
#82
Al Green
63.3%
#78
Santana
62.6%
#70
Cutis Mayfield and the Impessions
61.5%
#19
Fats Domino
61.4%
#29
Run-DMC
60.7%
Rank
Artist
% Correct
#88
Tom Petty and the Heartbreakers
59.8%
#33
Sly and the Family Stone
59.7%
#54
Parliament-Funkadelic
59.5%
#41
The Temptations
59.3%
#37
The Velvet Underground
59.1%
#22
Buddy Holly
58.7%
#80
Jefferson Airplane
58.5%
#55
The Allman Borthers Band
58.1%
#45
Otis Redding
57.6%
#36
The Grateful Dead
57.4%
#24
Sam Cooke
56.6%
#51
Frank Zappa
56.6%
#79
Yes
55.7%
#61
The Byrds
55.6%
#58
Crosby, Stills, and Nash (and Young)
54.4%
#31
Jerry Lee Lewis
54.2%
#15
Little Richard
53.7%
#47
Van Halen
51%
#92
The Four Tops
48.8%
#64
Smokey Robinson and the Miracles
45.2%
#91
The Yardbirds
43.8%
#99
Ricky Nelson
43.6%
#98
Bob Seger and the Silver Bullet Band
42.7%
#52
Roy Orbison
41.5%
#84
The Moody Blues
38.8%
#30
Bo Diddley
38.3%
#100
Earth, Wind, and Fire
34.1%
#46
The Everly Brothers
33.8%
#96
Chicago
26.6%
#83
The Isley Brothers
22.9%
#71
The Drifters
22.6%
#76
Bill Haley and His Comets
22.6%
Quiz Playlist
Details
Report
Send in Message
Add To Playlist
Classic:
Type in answers that appear in a list
Quiz Source
Last Updated: Feb 16, 2017
Quiz Scoreboard
CHALLENGE
Sign Up to Join the Scoreboard
Show All
Scores
Hide
Comments
May contain spoilers
Recently Published
9x9 Crossword: Cartoon Network
by jackfrog10
Miscellaneous
3m
College Basketball Coaching Resumes
by pancakes188
Sports
9m
Billboard Blitz: Fleetwood Mac
by CooCooCachoo
Music
15s
More to Explore
Quiz From the Vault
Featured Blog Post
Where Did the Easter Bunny Come From?
hide this ad
You Might Also Like...
Tags
100
100 Greatest
Digital Dream
greatest
Greatest Artists
Today's Top Quizzes in Music
Browse Music
hide this ad
Today's Top Quizzes in 100 Greatest
Browse 100 Greatest
Top Contributed Quizzes in Music
1
Taylor Swift All Songs (2024)
2
Guess the Artist- 70s Songs
3
7-to-1: Billboard Hot 100 #1 Hits of 2010s
4
Sorting Albums and Songs
5
Taylor Swift Logic Puzzle
6
KPOP LOGIC QUIZ
7
Guess the Taylor Swift song (Mystery Song)
8
One Thing in Common: Music
9
2010s Album by Cover III
10
Guess The Taylor Swift Lyrics Song #1
Explore More
Trending Topics
Disney
Kpop
Marvel
Crossword
Anime
Harry Potter
NBA
Pokémon
WWE
Soccer
Puzzle
The Office
Song
NFL
Country
hide this ad
More By:
J_Brownies
Quiz
Plays
Rating
Category
Featured
Created
100 Greatest Artists according to digitaldreamdoor.com
861
4.71
Music
Aug 5, 2013
VH1's 100 Greatest Albums
536
4.67
Music
May 18, 2013
50 Greatest Guitar Riffs in Rock N' Roll
460
3.67
Music
Jul 8, 2013
Rolling Stone's 100 Greatest Artists (2003 vs 2011)
448
5.00
Music
Jun 27, 2013
Spin's 50 Greatest Artists of All Time
333
3.00
Music
Jun 28, 2013
Go to Creator's Profile
Score Distribution
Quiz Creator Spotlight
J_Brownies
Follow
Send a Message
Quizzes Created
-
Created Quiz Play Count
-
More By This Creator
Popular Quizzes Today
1
Find the US States - No Outlines Minefield
2
Find the Countries of Europe - No Outlines Minefield
3
The Countries of the World
4
Find the US States
5
Risky Map Clicking: Biggest States A-Z
6
US States
7
Popular People in 1961
8
Movies - When Are They Set?
More Music Quizzes
The 1975 Tracklist
Quiz Lab
Trending Quizzes
Risky Map Clicking: Least Populous States A-Z
1-10 Letter G Words
1-10 Letter F Words
Risky Map Clicking: Next State Alphabetically
Adjectives in 80s TV Shows
Recently Updated
Leaping Animals
pecheneg
Reality TV Shows (A-Z)
bhenderson79
Rickey Henderson's Hall of Fame Teammates
pecheneg
Champions League XIs: Arsenal
pecheneg
Quick Pick: Celebrities in WWE's Hall of Fame
aduchscher
A-Z Keypad Blitz II
pecheneg
Multiple Oscar Actors
pecheneg
Mystery Phrase Blitz: Oscar 'Best Actors'
pecheneg
F. Scott Fitzgerald Novels
LTH
Pick 3 Villains
ddd62291
Trending Topics
Harry Potter
Anime
Marvel
Kpop
Disney
Crossword
NBA
Song
NFL
Country
WWE
Soccer
Pokémon
The Office
Puzzle
Your Account Isn't Verified!
In order to create a playlist on Sporcle, you need to verify the email address you used during registration. Go to your
Sporcle Settings
to finish the process.
Report this User
Report this user for behavior that violates our
Community Guidelines
.
Details:
Send Report
Go to the Sporcle.com Mobile Site →
Comments